Štúdium adsorpčných vlastností vybraných druhov odpadov

Enregistré dans:
Détails bibliographiques
Auteur principal: Segéňová, Lucia, 1984- (Auteur)
Autres auteurs: Soldán, Maroš, 1969- (Directeur de thèse)
Format: Manuscrit Livre
Langue:anglais
Publié: STU v Bratislave MTF UBEI, 2010
Sujets:
Accès en ligne:VAIS
Tags: Ajouter un tag
Pas de tags, Soyez le premier à ajouter un tag!

MARC

LEADER 00000ntm a22000003a 4500
001 stu206766
005 20160719160303.7
008 100708s2010------------------------eng-d
040 |a STU  |b slo 
041 0 |a eng 
100 1 |a Segéňová, Lucia,  |d 1984-  |4 aut  |X 33592  |7 A000033592 
242 0 0 |a The Analyze of adsorptive characteristics of selected fallout types  |y eng 
245 1 |a Štúdium adsorpčných vlastností vybraných druhov odpadov 
260 |b STU v Bratislave MTF UBEI,  |c 2010 
650 7 |a červený kal  |2 stusub 
650 7 |a adsorpcia  |2 stusub 
650 7 |a odpad  |2 stusub 
700 1 |a Soldán, Maroš,  |d 1969-  |4 ths  |u M5000  |U MTF Materiálovotechnologická fakulta  |T MTF Ústav bezpečnosti, environmentu a kvality  |X 2878  |U M5000  |Y 85  |7 A000002878 
856 4 |a info a plný text  |u http://is.stuba.sk/zp/portal_zp.pl?podrobnosti=75561  |3 VAIS 
996 |c M*DP-8963  |l MMSKP  |s P  |a 0  |w stu206766_0001